| Record ID | marc_loc_2016/BooksAll.2016.part35.utf8:54616326:568 |
| Source | Library of Congress |
| Download Link | /show-records/marc_loc_2016/BooksAll.2016.part35.utf8:54616326:568?format=raw |
LEADER: 00568cam a22001937a 4500
001 2007541282
003 DLC
005 20070626091023.0
008 070618m20061963xxu 000 0 eng
010 $a 2007541282
020 $a9780573112676
020 $a0573112673
040 $aDLC$cDLC
050 00 $aMLCS 2007/46364 (P)
100 1 $aRattigan, Terence.
245 10 $aMan and boy :$ba play /$cTerence Rattigan ; foreword by David Suchet ; director's note by Maria Aitken.
250 $aRev. ed.
260 $aLondon ;$aNew York :$bSamuel French,$cc2006
300 $a68 p. ;$c22 cm.